Find the Differences in the Pictures II Quiz Stats

Quiz Updated Jul 13, 2016

Score 0/20 Timer 01:30
15 Plays Today
% Correct
Knot
98.4%
Knot
98.4%
Bird
94.6%
Bird
94.6%
Roll
94.5%
Roll
94.5%
Caterpillar
91.8%
Caterpillar
91.8%
Stool
91.4%
Stool
91.4%
% Correct
Hat
86.5%
Hat
86.5%
Bush
78.6%
Bush
78.6%
Paint
72.7%
Paint
72.7%
Collar
53%
Collar
53%
Flower
52.3%
Flower
52.3%

You're not logged in!

Compare scores with friends on all Sporcle quizzes.
Sign Up with Email
OR
Log In

You Might Also Like...

Show Comments

Extras

Top Quizzes Today


Score Distribution

Your Account Isn't Verified!

In order to create a playlist on Sporcle, you need to verify the email address you used during registration. Go to your Sporcle Settings to finish the process.